| 000 | 00384 a2200145 4500 | ||
|---|---|---|---|
| 999 |
_c12782 _d12782 |
||
| 003 | OSt | ||
| 005 | 20240713094207.0 | ||
| 008 | 240713b ||||| |||| 00| 0 eng d | ||
| 020 | _a9781946226204 | ||
| 082 | _a720.92 | ||
| 100 | _aOscar Riera Ojeda | ||
| 245 | _aAmass: Pressure Thickness Media: The work of plusClover | ||
| 260 |
_bOscar Riera Ojeda Publishers _c2021 |
||
| 942 | _2ddc | ||